Periodismo digital: los grandes diarios en la Red
-д хадгалсан:
| Үндсэн зохиолч: | |
|---|---|
| Формат: | Ном |
| Хэл сонгох: | испани |
| Хэвлэсэн: |
Buenos Aires
La Crujía
2007
|
| Хэвлэл: | 1a. ed |
| Нөхцлүүд: | |
| Шошгууд: |
Шошго нэмэх
Шошго байхгүй, Энэхүү баримтыг шошголох эхний хүн болох!
|
MARC
| LEADER | 00000cam a2200000 a 4500 | ||
|---|---|---|---|
| 001 | UCF4008 | ||
| 003 | CL-VaPUC | ||
| 008 | 121115e20070000AG |||||||||||||||||spa|d | ||
| 020 | |a 9876010166 | ||
| 082 | 0 | 4 | |a 384.3 |b ALB |2 21 |
| 100 | |a Albornoz Espiñeira, Luis Alfonso |e autor |9 565644 | ||
| 245 | 1 | 0 | |a Periodismo digital: los grandes diarios en la Red |
| 250 | |a 1a. ed | ||
| 300 | |a 304 p | ||
| 942 | |c BK | ||
| 945 | |d 20121115 00:00:00 |a dcastane | ||
| 260 | |a Buenos Aires |b La Crujía |c 2007 | ||
| 650 | 7 | |a PERIODISMO ELECTRONICO |2 CL-VaPUC |9 464481 | |
| 650 | 7 | |a COMUNICACION ELECTRONICA |2 CL-VaPUC |9 464480 | |
| 650 | 0 | |a Internet |9 254823 | |
| 650 | 0 | |a Web |9 434093 | |
| 583 | |a last modification |c 20190710 05:31:55 |k Rodrigo Vera | ||
| 999 | |c 350014 |d 350012 | ||
| 952 | |0 0 |1 0 |4 0 |6 384_300000000000000_ALB_2007 |7 0 |8 A |9 452960 |a BIBCUR |b BIBCUR |d 2019-11-22 |i 4923219 |o 384.3 ALB 2007 |p 4923219 |r 2025-04-22 |w 2019-11-22 |y BK |k PER | ||
| 952 | |0 0 |1 0 |3 erb |4 0 |6 384_300000000000000_ALB_2007 |7 0 |8 A |9 452961 |a BIBCUR |b BIBCUR |i 5062764 |o 384.3 ALB 2007 |p 5062764 |r 2025-04-22 |w 2019-11-22 |y BK |z Catalogado en:20140324 |k PER | ||